Loading...
| Science - Biology | 0 | 9 | 0 | 0 | 90 | 30 | 59.44 | 4 | 9 | 0.00 | 0.00 |
| Fine Arts - Classical Music | 0 | 9 | 0 | 1 | 90 | 39 | 69.78 | 4 | 9 | 0.00 | 0.00 |
| Philosophy | 0 | 7 | 0 | 0 | 70 | 36 | 91.14 | 2 | 7 | 0.00 | 0.00 |
| Literature - European | 0 | 7 | 1 | 1 | 65 | 53 | 108.00 | 1 | 6 | 0.00 | 0.00 |
| Literature - World | 0 | 6 | 1 | 1 | 55 | 54 | 81.83 | 4 | 5 | 0.00 | 0.00 |
| Literature - American | 0 | 5 | 0 | 1 | 50 | 94 | 110.00 | 2 | 4 | 0.00 | 0.00 |
| Science - Physics | 0 | 6 | 2 | 0 | 50 | 30 | 65.83 | 4 | 6 | 0.00 | 0.00 |
| Science - Chemistry | 0 | 5 | 1 | 1 | 45 | 40 | 63.80 | 3 | 5 | 0.00 | 0.00 |
| Fine Arts - Painting and Sculpture | 0 | 4 | 0 | 0 | 40 | 49 | 85.50 | 1 | 4 | 0.00 | 0.00 |
| History - Other | 0 | 3 | 0 | 1 | 30 | 94 | 123.67 | 0 | 2 | 0.00 | 0.00 |
| Science - Other | 0 | 3 | 2 | 0 | 20 | 23 | 42.67 | 2 | 3 | 0.00 | 0.00 |
| Literature - British | 0 | 2 | 0 | 2 | 20 | 138 | 146.50 | 0 | 1 | 0.00 | 0.00 |
| Fine Arts - Other | 0 | 1 | 0 | 0 | 10 | 90 | 90.00 | 0 | 1 | 0.00 | 0.00 |
| Mythology | 0 | 1 | 0 | 0 | 10 | 122 | 122.00 | 0 | 0 | 0.00 | 0.00 |
| Social Science | 0 | 1 | 2 | 0 | 0 | 76 | 76.00 | 0 | 1 | 0.00 | 0.00 |